000 00916nam a2200277Ia 4500
003 GCL
008 140319s9999 xx 000 0 ara d
040 _aGCL /
_cGCL
082 0 4 _a956.531
_bت ت
100 1 _aتوفيق يوسف بولاد
245 1 0 _aتاريخ الفنون والصناعات الدمشقية /
_cتوفيق يوسف بولاد
700 1 _aالياس بولاد
250 _aالاولى
260 _aسوريا :
_bالمؤلف ،
_c2003
300 _a275 ص ؛
_c24 سم
650 0 4 _aسوريا - تاريخ
650 0 4 _aالزراعة - مصر
650 0 4 _aالصناعة - مصر
650 0 4 _aالزراعة - سوريا
650 0 4 _aالتجارة - سوريا
650 0 4 _aالصناعة - سوريا
650 0 4 _aالحرف اليدوية - سوريا
650 0 4 _aالفن - صناعة وتجارة
650 0 4 _aسوريا - الفن
942 _2ddc
_cBK
999 _c9977
_d9977